Moje wspomnienia, garść szkiców z wygnania. (Record no. 16862)

MARC details
000 -LEADER
fixed length control field 00620cam a22002291 4500
001 - CONTROL NUMBER
control field ca 31000844
003 - CONTROL NUMBER IDENTIFIER
control field DLC
005 - DATE AND TIME OF LATEST TRANSACTION
control field 20260227111125.0
008 - FIXED-LENGTH DATA ELEMENTS--GENERAL INFORMATION
fixed length control field 840120s1919 xx 000 0 pol
010 ## - LIBRARY OF CONGRESS CONTROL NUMBER
LC control number ca 31000844
035 ## - SYSTEM CONTROL NUMBER
System control number (OCoLC)29090979
040 ## - CATALOGING SOURCE
Original cataloging agency DLC
Transcribing agency MnU
Modifying agency DLC
042 ## - AUTHENTICATION CODE
Authentication code premarc
043 ## - GEOGRAPHIC AREA CODE
Geographic area code e-ur---
050 00 - LIBRARY OF CONGRESS CALL NUMBER
Classification number DK266
Item number .R35
100 1# - MAIN ENTRY--PERSONAL NAME
Personal name Radwan, Józef,
Dates associated with a name 1858-
245 10 - TITLE STATEMENT
Title Moje wspomnienia, garść szkiców z wygnania.
260 ## - PUBLICATION, DISTRIBUTION, ETC.
Place of publication, distribution, etc. Kalisz,
Name of publisher, distributor, etc. Nakładem "Gazety Kaliskiej",
Date of publication, distribution, etc. 1919.
300 ## - PHYSICAL DESCRIPTION
Extent 128, [1] p.
Dimensions 20 cm.
651 #0 - SUBJECT ADDED ENTRY--GEOGRAPHIC NAME
Geographic name Soviet Union.
650 #0 - SUBJECT ADDED ENTRY--TOPICAL TERM
Topical term or geographic name entry element Polish people
Geographic subdivision Soviet Union.

No items available.

Powered by Koha